| 000 | 00625nam a2200157Ia 4500 | ||
|---|---|---|---|
| 008 | 210716s2016 xx 000 0 und d | ||
| 020 | _a9781786469397 | ||
| 041 | _aeng | ||
| 082 | _a794.8 LINT | ||
| 100 | _aLintrami, Tommaso. | ||
| 245 |
_aUnity 2017 game development essentials: build fully functional 2D and 3D games with realistic environments sounds physics special effects and more. _bBuild fully functional 2D and 3D games with realistic environments sounds physics special effects and more. |
||
| 250 | _a3 | ||
| 260 |
_aMumbai _bPackt Publishing Ltd _c2016 |
||
| 300 | _axiv,643 | ||
| 650 | _aGames of chance(795) | ||
| 999 |
_c196773 _d196773 |
||